000 00532nam a2200193Ia 4500
005 20250326144813.0
008 250326s9999 xx 000 0 und d
020 _a0-333-98118-9
037 _aTextbook
040 _aFMSL
_beng
_cFMSL
041 _aeng
_2eng
084 _aX:51y7 P3
_qFMSL
100 _aBren R
_9750134
245 0 _aContemporary strategic marketing
_cBren R And Others
260 _aNew York
_bNew York, Palgrave
_c2003
300 _a380p
942 _cTB
_hX:51y7 P3
999 _c1305127
_d1305127